00881nam a2200229 i 450000100060000000300090000600700030001500800410001802000180005910000290007724500960010625000130020226000500021530000270026549000690029250000120036170000300037383000770040385200330048099900170051395201210053035624ES-MaACLt|030213s1976 xxu ||||1| eng d a0-8162-1104-31 aBox, George E. P.93115910aTime series analysis b: forecasting and control / cGeorge E.P. Box and Gwilym M. Jenkins. aEd. rev. aOakland (California) : bHolden-Day, c[1976] aXXI, 575 p. ; c24 cm.1 aHolden-Day series in time series analysis and digital processing aIndice.1 aJenkins, Gwilym M.9662970 aHolden-Day series in time series analysis and digital processing9229544 aES-MaACLjG-15447 bR.115080 c35624d35624 00104070aATENEOMbATENEOMcSPP3d2008-01-17eSCl0oG-15447p1037304r2023-02-23 00:00:00w2023-02-23yMONOGRAFIA